[Event "Krefeld op"]
[Site "Krefeld"]
[Date "2023.08.04"]
[Round "5"]
[White "Lueersen, Lukas"]
[Black "Dueckers, Benedikt"]
[Result "0-1"]
[WhiteElo "1710"]
[BlackElo "1484"]
[PlyCount "94"]
[EventDate "2023.08.02"]
[EventType "swiss"]
[EventRounds "9"]
[EventCountry "GER"]
[SourceTitle "CBM 215 Extra"]
[Source "ChessBase"]
[SourceDate "2023.09.30"]
[SourceVersion "1"]
[SourceVersionDate "2023.09.30"]
[SourceQuality "1"]

1. e4 e5 2. d4 exd4 3. Nf3 Nc6 4. Bc4 Bb4+ 5. c3 dxc3 6. 0-0 d6 7. Nxc3 Bxc3 8. bxc3 Nge7 9. Bb2 Na5 10. Bd3 Bg4 11. c4 f6 12. h3 Bh5 13. Qd2 Nac6 14. Nd4 Nxd4 15. Bxd4 Nc6 16. Bc3 Ne5 17. f4 Nxd3 18. Qxd3 0-0 19. Rab1 b6 20. g4 Bf7 21. Qd4 Qe7 22. g5 c5 23. gxf6 Qxf6 24. Qd3 Qe7 25. Rf3 Be8 26. Rg3 g6 27. Ba1 Bc6 28. Qc3 Kf7 29. e5 dxe5 30. Re1 e4 31. f5 Rg8 32. fxg6+ Rxg6 33. Rxg6 Kxg6 34. Re2 Kh6 35. Rf2 Rg8+ 36. Kf1 Rf8 37. Qe3+ Kg6 38. Qg3+ Kh5 39. Qg4+ Kh6 40. Bg7+ Qxg7 41. Qe6+ Kh5 42. Qxc6 Rxf2+ 43. Kxf2 Qb2+ 44. Kg3 Qc3+ 45. Kf4 Qf3+ 46. Ke5 Qg3+ 47. Kf6 Qg6+ 0-1

[Event "GER-chT U14"]
[Site "Kelheim"]
[Date "2022.12.29"]
[Round "5"]
[White "Lueersen, Lukas"]
[Black "Buettner, Anton"]
[Result "1-0"]
[WhiteElo "1594"]
[BlackElo "1299"]
[PlyCount "85"]
[EventDate "2022.12.26"]
[EventType "team-swiss"]
[EventRounds "7"]
[EventCountry "GER"]
[SourceTitle "CBM 212 Extra"]
[Source "ChessBase"]
[SourceDate "2023.03.31"]
[SourceVersion "1"]
[SourceVersionDate "2023.03.31"]
[SourceQuality "1"]
[WhiteTeam "Essen Katernberg"]
[BlackTeam "Baden-Baden"]
[WhiteTeamCountry "GER"]
[BlackTeamCountry "GER"]

1. e4 e5 2. d4 exd4 3. Nf3 Nc6 4. Bc4 Bc5 5. c3 Nf6 6. e5 d5 7. Bb5 Ne4 8. cxd4 Bb6 9. Be3 a6 10. Bxc6+ bxc6 11. Qc2 Bd7 12. Nbd2 Nxd2 13. Nxd2 Qe7 14. 0-0 0-0 15. f4 Qh4 16. Nb3 a5 17. a4 Qh5 18. f5 Rfe8 19. Rf3 Qg4 20. Raf1 Qe4 21. Qd2 Qh4 22. Bg5 Qh5 23. Rh3 Qg4 24. Rh4 Qxf5 25. Rxf5 Bxf5 26. Qc3 Rxe5 27. Nc5 Re2 28. Qf3 Rae8 29. Qxf5 Re1+ 30. Kf2 g6 31. Qf3 Bxc5 32. dxc5 R1e5 33. Bf6 Rf5 34. Rf4 Rh5 35. h3 Rh6 36. g4 Rb8 37. Bg5 Rxb2+ 38. Kg3 Rxh3+ 39. Kxh3 Rb1 40. Rxf7 Rb3 41. Bh6 Rxf3+ 42. Rxf3 g5 43. Rf8# 1-0